00547nam a2200181 a 45000010010000000030011000100080041000210350026000620820014000881000017001022450051001192600045001706500013002159420012002289520090002409980020003309990015003500000-8958ELIB.Books110520 1963  a(ELIB.Books)0000-9107 a230 bRus aRust, Eric C aTowards a Theological Understanding of History bNew York: Oxford University Press c1963 aTheology 2ddccBK 00102ddc4070aKBTSbKBTSd2011-05-20l0p7772r2022-01-22 00:00:00w2022-01-22yBK cbate2011-05-20 c8958d8958